000 00825nam a2200277 i 4500
001 C2-0321705
003 PPAK
005 20180728120808.0
008 130306s2012 my a|||| ||||| | may d
020 _a9789670133379
040 _aPPAK
_beng
_cPPAK
_erda
082 0 4 _a499.2386
_223
090 0 0 _a499.2386
_bWSU
_dG
090 0 0 _a499.2386
_bWSU
_dK
100 0 _aWS Uzala,
_eauthor
245 1 0 _aBagai menyerah diri
264 1 _aBandar Baru Nilai, Negeri Sembilan :
_bMedia Ink Publishing ,
_c2012
300 _a255 pages :
_billustrations ;
_c18 cm
336 _2rdacontent
_atext
337 _2rdamedia
_aunmediated
338 _2rdacarrier
_avolume
490 1 _aSiri menepuk air di dulang
650 1 0 _aMalay language - Readers - Juvenile fiction.
830 0 _aSiri menepuk air di dulang
942 _ddc
_cB
999 _c122115
_d122115